| 000 | 00681nam a2200253Ia 4500 | ||
|---|---|---|---|
| 003 | OSt | ||
| 005 | 20220918190443.0 | ||
| 006 | a|||||r|||| 00| 0 | ||
| 007 | ta | ||
| 008 | 220917b |||||||| |||| 00| 0 eng d | ||
| 024 | _a56,938 | ||
| 037 | _cTextual | ||
| 040 |
_aARTS _cARTS _beng |
||
| 041 |
_2eng _aeng |
||
| 082 | _aP931:3, L1 | ||
| 100 |
_aConstantino Ernesto _972624 |
||
| 245 | 0 | _aIlokno reference grammar | |
| 260 |
_aHoululu _bUniv Of Hawaii Press _c1971 |
||
| 300 |
_av,42p. _ccm. |
||
| 490 | _apaoli language texts : Philippines | ||
| 650 | _aLINGUISTICS | ||
| 942 |
_hP931:3, L1 _cTEXL _2CC |
||
| 999 |
_c185195 _d185195 |
||